[Event "Aeroflot Open 2012 A"]
[Site "Moscow"]
[Date "2012.02.13"]
[Round "7"]
[White "Gopal G.N."]
[Black "Vallejo Pons, Francisco"]
[Result "0-1"]
[WhiteElo "2566"]
[BlackElo "2705"]
[PlyCount "128"]
[EventDate "2012.02.07"]
[EventType "swiss"]
[EventRounds "9"]
[EventCountry "RUS"]

1. e4 e6 2. d4 d5 3. Nd2 Nf6 4. e5 Nfd7 5. Bd3 c5 6. c3 Nc6 7. Ngf3 g6 8. h4
Qb6 9. h5 Rg8 10. hxg6 hxg6 11. dxc5 Qc7 12. Nb3 Ncxe5 13. Bb5 a6 14. Ba4 Nc4
15. Qd4 Bg7 16. Bf4 Qd8 17. Qxg7 Rxg7 18. Rh8+ Ke7 19. Bd6+ Nxd6 20. cxd6+ Kxd6
21. Rxd8 b5 22. Bxb5 axb5 23. Nbd4 Rb8 24. Rh8 e5 25. Nc2 f6 26. Ne3 Bb7 27.
Rxb8 Nxb8 28. a4 bxa4 29. Rxa4 Nd7 30. Rg4 Ke6 31. Nh4 g5 32. Nhf5 Rg8 33. Rb4
Bc6 34. g4 Ra8 35. Kd2 Ra1 36. Rb3 Ra2 37. Rb4 Nc5 38. f3 Kd7 39. Nc2 Ba4 40.
Nce3 Bb3 41. Rxb3 Nxb3+ 42. Kc2 Nc5 43. Nxd5 Ke6 44. Nc7+ Kf7 45. Kb1 Ra7 46.
Nb5 Rd7 47. b4 Nd3 48. Nbd6+ Ke6 49. Ne4 Rh7 50. Ka2 Ne1 51. b5 Nxf3 52. c4 Nd4
53. Nc5+ Kf7 54. Nxd4 exd4 55. b6 Rh8 56. Kb2 Ke7 57. Na6 f5 58. b7 fxg4 59.
b8=Q Rxb8+ 60. Nxb8 Kd6 61. c5+ Kc7 62. Na6+ Kc8 63. Nb4 g3 64. Nd3 g2 0-1

[Event "Aeroflot Open 2012 A"]
[Site "Moscow"]
[Date "2012.02.13"]
[Round "7"]
[White "Mamedov, Rauf"]
[Black "Lu, Shanglei"]
[Result "1-0"]
[WhiteElo "2636"]
[BlackElo "2516"]
[PlyCount "59"]
[EventDate "2012.02.07"]
[EventType "swiss"]
[EventRounds "9"]
[EventCountry "RUS"]

1. e4 c5 2. Nf3 d6 3. c3 Nf6 4. Bd3 Nc6 5. Bc2 g6 6. O-O Bg7 7. h3 O-O 8. d4 e5
9. dxc5 dxc5 10. Qe2 Qe7 11. Be3 b6 12. Nbd2 Nh5 13. Bb3 Nd8 14. Nc4 Ne6 15.
Rfd1 Ba6 16. a4 Kh8 17. Qc2 f5 18. Ncxe5 Bxe5 19. Nxe5 f4 20. Bd2 f3 21. Bxe6
Qxe6 22. c4 fxg2 23. Qc3 Ng7 24. Bh6 Qf6 25. f4 Ne6 26. Rd6 Kg8 27. Bg5 Nxf4
28. Bxf6 Ne2+ 29. Kxg2 Nxc3 30. bxc3 1-0

[Event "Aeroflot Open 2012 A"]
[Site "Moscow"]
[Date "2012.02.13"]
[Round "7"]
[White "Adhiban, B."]
[Black "Ipatov, Alexander"]
[Result "1/2-1/2"]
[WhiteElo "2561"]
[BlackElo "2586"]
[PlyCount "34"]
[EventDate "2012.02.07"]
[EventType "swiss"]
[EventRounds "9"]
[EventCountry "RUS"]

1. e4 c6 2. d4 d5 3. e5 Bf5 4. Nf3 e6 5. Be2 c5 6. Be3 cxd4 7. Nxd4 Ne7 8. c4
Nbc6 9. Nc3 Nxd4 10. Bxd4 dxc4 11. Qa4+ Nc6 12. O-O-O Bd3 13. Bxd3 Qxd4 14. Be4
Qb6 15. Bxc6+ bxc6 16. Qxc4 Be7 17. Ne4 Rb8 1/2-1/2

[Event "Aeroflot Open 2012 A"]
[Site "Moscow"]
[Date "2012.02.13"]
[Round "7"]
[White "Szabo, Krisztian"]
[Black "Zhigalko, Andrey"]
[Result "0-1"]
[WhiteElo "2547"]
[BlackElo "2576"]
[PlyCount "120"]
[EventDate "2012.02.07"]
[EventType "swiss"]
[EventRounds "9"]
[EventCountry "RUS"]

1. e4 c6 2. d4 d5 3. exd5 cxd5 4. c4 Nf6 5. Nc3 Nc6 6. Bg5 Ne4 7. Nxe4 dxe4 8.
d5 Ne5 9. Qd4 f6 10. Qxe4 Qb6 11. Be3 Qxb2 12. Qb1 Qa3 13. Qb3 e6 14. Rb1 b6
15. Nh3 Kf7 16. Nf4 exd5 17. cxd5 Qxb3 18. Rxb3 Bb7 19. Be2 g5 20. Nd3 Nc4 21.
Bh5+ Kg7 22. Bd4 Rd8 23. Rc3 Bxd5 24. O-O Bg8 25. Be3 Bd6 26. Bc1 b5 27. f4 h6
28. h4 gxh4 29. f5 Bf7 30. Bxf7 Kxf7 31. a4 a6 32. axb5 axb5 33. Nf4 Bxf4 34.
Rxf4 Rd5 35. Rxh4 h5 36. Rf4 Re8 37. Kh2 Ree5 38. Rcf3 Re2 39. Rh4 Ne5 40. Rf1
Rc5 41. Rxh5 Rcc2 42. Ba3 Rxg2+ 43. Kh1 Rg4 44. Bd6 Nd3 45. Ra1 Nf2+ 46. Kh2
Ra4 47. Rxa4 bxa4 48. Kg1 Ne4 49. Ba3 Ng5 50. Rh8 Rc3 51. Rf8+ Kg7 52. Be7 Ne4
53. Ra8 Rc4 54. Bf8+ Kf7 55. Kg2 Nc3 56. Kf3 Nb5 57. Ke3 a3 58. Kd3 Rc3+ 59.
Kd2 a2 60. Bb4 Ra3 0-1

[Event "Aeroflot Open 2012 A"]
[Site "Moscow"]
[Date "2012.02.13"]
[Round "7"]
[White "Dubov, Daniil"]
[Black "Jankovic, Alojzije"]
[Result "1-0"]
[WhiteElo "2498"]
[BlackElo "2568"]
[PlyCount "127"]
[EventDate "2012.02.07"]
[EventType "swiss"]
[EventRounds "9"]
[EventCountry "RUS"]

1. Nf3 Nf6 2. c4 g6 3. g3 Bg7 4. Bg2 O-O 5. O-O d6 6. d4 c6 7. Nc3 Qb6 8. b3 e5
9. Bb2 e4 10. Ne1 d5 11. Ba3 Rd8 12. cxd5 cxd5 13. Be7 Re8 14. Bxf6 Qxf6 15.
Nxd5 Qd8 16. Nc3 Bxd4 17. Rc1 e3 18. f4 Nc6 19. Bxc6 bxc6 20. Nf3 Bg7 21. Qxd8
Rxd8 22. Na4 Ba6 23. Rc2 Bf8 24. Nb2 f6 25. Nc4 Rd5 26. Kg2 Re8 27. Rc3 Bc5 28.
Rfc1 g5 29. b4 Bxb4 30. Rxe3 Rdd8 31. fxg5 fxg5 32. Nce5 c5 33. g4 Bb7 34. Kf2
Rf8 35. Nc4 Rf4 36. a3 Ba6 37. axb4 Bxc4 38. bxc5 Rxg4 39. Re5 Bb5 40. c6 a6
41. c7 Rc8 42. Re7 Rf4 43. Rd1 h6 44. Rd8+ Rf8 45. Rxc8 Rxc8 46. Nd4 Kf8 47.
Rh7 Kg8 48. Re7 Kf8 49. Nf5 a5 50. Ke3 a4 51. Kd2 a3 52. Kc1 Be8 53. e4 Bg6 54.
Rd7 Be8 55. Rh7 Kg8 56. Re7 Kf8 57. Rh7 Kg8 58. Rg7+ Kf8 59. e5 Bf7 60. Rxf7+
Kxf7 61. Nd6+ Ke6 62. Nxc8 Kd7 63. Nd6 Kxc7 64. Nf7 1-0

[Event "Aeroflot Open 2012 A"]
[Site "Moscow"]
[Date "2012.02.13"]
[Round "7"]
[White "Gundavaa, Bayarsaikhan"]
[Black "Guseinov, Gadir"]
[Result "1/2-1/2"]
[WhiteElo "2493"]
[BlackElo "2634"]
[PlyCount "215"]
[EventDate "2012.02.07"]
[EventType "swiss"]
[EventRounds "9"]
[EventCountry "RUS"]

1. d4 Nf6 2. c4 g6 3. Nc3 Bg7 4. e4 d6 5. f3 O-O 6. Be3 c5 7. Nge2 Nc6 8. d5
Ne5 9. Ng3 h5 10. Be2 a6 11. a4 e6 12. O-O exd5 13. cxd5 Bd7 14. h3 h4 15. Nh1
b5 16. Bg5 b4 17. Nb1 c4 18. f4 Qb6+ 19. Nf2 Nxe4 20. Bxh4 Nd3 21. Bxd3 cxd3
22. Kh2 Nxf2 23. Bxf2 Qa5 24. Qxd3 Bb5 25. axb5 Qxa1 26. Bd4 Qa5 27. Bxg7 Kxg7
28. Nd2 Qxb5 29. Qd4+ f6 30. Rc1 Rac8 31. Rxc8 Rxc8 32. Ne4 Rf8 33. Nxd6 Qb8
34. Nc4 b3 35. d6 Qb5 36. d7 Rd8 37. Nb6 Qc6 38. Qb4 Qe6 39. Qc5 a5 40. Qc7 Qe7
41. Qc6 a4 42. Qxa4 Qd6 43. Qxb3 Qxf4+ 44. Qg3 Qxg3+ 45. Kxg3 Kf7 46. Kf4 Ke7
47. g4 Rb8 48. Nd5+ Ke6 49. Nb6 g5+ 50. Ke4 Ke7 51. Nd5+ Kxd7 52. Nxf6+ Ke6 53.
Nd5 Rxb2 54. Nc7+ Kd7 55. Nd5 Kd6 56. Ne3 Ke6 57. Kf3 Rb3 58. Ke4 Ra3 59. Kd4
Ra1 60. Nf5 Rh1 61. Ng3 Rd1+ 62. Ke3 Ke5 63. Kf3 Ra1 64. Nh5 Ra3+ 65. Kg2 Rb3
66. Ng7 Ra3 67. Nh5 Kd4 68. Ng7 Ke5 69. Nh5 Ra7 70. Kf3 Rf7+ 71. Kg2 Ra7 72.
Kf3 Kd4 73. Kg2 Ke4 74. Ng3+ Ke3 75. Nh5 Rf7 76. Kg3 Ke2 77. Kg2 Rf2+ 78. Kg3
Kf1 79. h4 Rg2+ 80. Kh3 Kf2 81. hxg5 Rg1 82. Kh2 Rg2+ 83. Kh3 Rg1 84. Kh2 Rxg4
85. Kh3 Kf3 86. g6 Rg1 87. Kh4 Rxg6 88. Kh3 Rg4 89. Nf6 Rd4 90. Nh5 Ra4 91. Nf6
Kf4 92. Nh5+ Kg5 93. Ng3 Ra2 94. Ne4+ Kf4 95. Nf6 Kf5 96. Nh5 Kg5 97. Ng3 Rc2
98. Ne4+ Kf4 99. Nf6 Rc5 100. Kh4 Kf5 101. Nh5 Rc4+ 102. Kh3 Rg4 103. Ng3+ Kf4
104. Nh5+ Kf3 105. Nf6 Ra4 106. Nh5 Ra5 107. Kh4 Rxh5+ 108. Kxh5 1/2-1/2

[Event "Aeroflot Open 2012 A"]
[Site "Moscow"]
[Date "2012.02.13"]
[Round "7"]
[White "Yu, Yangyi"]
[Black "Cori, Jorge"]
[Result "1-0"]
[WhiteElo "2631"]
[BlackElo "2489"]
[PlyCount "79"]
[EventDate "2012.02.07"]
[EventType "swiss"]
[EventRounds "9"]
[EventCountry "RUS"]

1. d4 d5 2. c4 c6 3. Nf3 Nf6 4. Nc3 dxc4 5. a4 Bf5 6. e3 e6 7. Bxc4 Bb4 8. O-O
Nbd7 9. Qe2 Bg6 10. h3 O-O 11. Nh4 Be4 12. Nxe4 Nxe4 13. Nf3 c5 14. Bd3 Ndf6
15. Rd1 Rc8 16. Ne5 Qc7 17. Qf3 Nd6 18. Ng4 Nxg4 19. hxg4 f5 20. dxc5 Qxc5 21.
gxf5 exf5 22. Bd2 Bxd2 23. Rxd2 Kh8 24. Qf4 a5 25. Rad1 Qb4 26. Qxb4 axb4 27.
Bf1 Ne4 28. Rd4 Rc2 29. f3 Nc5 30. Rxb4 h6 31. a5 Re8 32. Rc4 Rxc4 33. Bxc4
Rxe3 34. b4 Na6 35. b5 Nc5 36. Rd5 Ne6 37. Rxf5 Nd4 38. Rf8+ Kh7 39. Rd8 Nf5
40. Bd3 1-0

[Event "Aeroflot Open 2012 A"]
[Site "Moscow"]
[Date "2012.02.13"]
[Round "7"]
[White "Bosiocic, Marin"]
[Black "Ponkratov, Pavel"]
[Result "0-1"]
[WhiteElo "2580"]
[BlackElo "2611"]
[PlyCount "154"]
[EventDate "2012.02.07"]
[EventType "swiss"]
[EventRounds "9"]
[EventCountry "RUS"]

1. d4 Nf6 2. c4 e6 3. g3 d5 4. Nf3 Bb4+ 5. Bd2 Be7 6. Bg2 O-O 7. O-O c6 8. Bf4
Nbd7 9. Nc3 dxc4 10. a4 b6 11. Nd2 Nd5 12. Nxc4 Ba6 13. Qb3 Rc8 14. Nd6 Rc7 15.
Nxd5 cxd5 16. Nb5 Rc4 17. Qd3 Bf6 18. Be3 Nb8 19. b3 Rc8 20. Bd2 Nc6 21. e3 Qd7
22. Rfc1 e5 23. dxe5 Nxe5 24. Qe2 Nc6 25. Rab1 d4 26. Qh5 dxe3 27. Bxe3 Ne5 28.
Rd1 Qe7 29. Nd6 Rcd8 30. Ne4 g6 31. Nxf6+ Qxf6 32. Qh6 Nf3+ 33. Kh1 Be2 34.
Rdc1 Rd5 35. Qf4 Qxf4 36. Bxf4 Rfd8 37. h4 Kg7 38. Bf1 Bxf1 39. Rxf1 Nd2 40.
Bxd2 Rxd2 41. Kg1 R8d3 42. Kg2 Rc2 43. Rfd1 Rxd1 44. Rxd1 Rc3 45. Rd7 a5 46. b4
axb4 47. Rd4 Rb3 48. Rc4 Kf8 49. Re4 h6 50. Kg1 Kg7 51. Rf4 Rb1+ 52. Kg2 b3 53.
Rb4 Kf6 54. Rxb6+ Ke5 55. Rb4 Kd5 56. a5 Kc5 57. Rb7 Kc4 58. Rxf7 Ra1 59. Rc7+
Kd3 60. Rd7+ Kc2 61. Rc7+ Kb1 62. Rg7 b2 63. Rxg6 Kc2 64. Rb6 b1=Q 65. Rxb1
Rxb1 66. Kf3 Kd3 67. Kf4 Rf1 68. f3 Kd4 69. g4 Kd5 70. Kf5 Rxf3+ 71. Kg6 Rf4
72. g5 hxg5 73. Kxg5 Rf8 74. Kg6 Ke6 75. Kg7 Rf7+ 76. Kg6 Rf6+ 77. Kg7 Ke5 0-1

[Event "Aeroflot Open 2012 A"]
[Site "Moscow"]
[Date "2012.02.13"]
[Round "7"]
[White "Bukavshin, Ivan"]
[Black "Venkatesh, M.R."]
[Result "1/2-1/2"]
[WhiteElo "2517"]
[BlackElo "2499"]
[PlyCount "117"]
[EventDate "2012.02.07"]
[EventType "swiss"]
[EventRounds "9"]
[EventCountry "RUS"]

1. d4 Nf6 2. c4 e6 3. Nc3 Bb4 4. Qc2 O-O 5. a3 Bxc3+ 6. Qxc3 b5 7. cxb5 c6 8.
Bg5 cxb5 9. e3 Bb7 10. f3 h6 11. Bh4 Nc6 12. Bxb5 g5 13. Bxc6 Rc8 14. Qb4 Bxc6
15. Bg3 Nd5 16. Qd2 Ba4 17. Rc1 Rxc1+ 18. Qxc1 Qa5+ 19. Kf2 Qa6 20. Ne2 Rc8 21.
Nc3 Qd3 22. Qe1 Nxc3 23. bxc3 Rxc3 24. Be5 h5 25. h4 g4 26. Kg3 Rc2 27. e4 Bb5
28. Qd1 Rd2 29. Qc1 f6 30. Bf4 Rxg2+ 31. Kxg2 Qxf3+ 32. Kg1 g3 33. Qe1 g2 34.
Qg3+ Qxg3 35. Bxg3 gxh1=Q+ 36. Kxh1 Bc6 37. Kh2 Bxe4 38. Bd6 Kf7 39. Kg3 Ke8
40. Kf4 Bh1 41. Bc5 a6 42. Bd6 Kd8 43. Bc5 Kc7 44. Be7 f5 45. Bb4 Kc6 46. Ba5
Kb5 47. Bc7 Kc4 48. Bb6 Kd3 49. Bc5 Ke2 50. Bd6 Bd5 51. Be7 Kf2 52. Bc5 Kg2 53.
Bd6 Bc6 54. Bc5 Kh3 55. Be7 d6 56. Kg5 e5 57. dxe5 dxe5 58. Kxf5 e4 59. Kf4
1/2-1/2

[Event "Aeroflot Open 2012 A"]
[Site "Moscow"]
[Date "2012.02.13"]
[Round "7"]
[White "Shyam, Sundar M"]
[Black "Savchenko, Boris"]
[Result "1-0"]
[WhiteElo "2462"]
[BlackElo "2609"]
[PlyCount "59"]
[EventDate "2012.02.07"]
[EventType "swiss"]
[EventRounds "9"]
[EventCountry "RUS"]

1. c4 e5 2. g3 g6 3. Bg2 Bg7 4. e4 Nc6 5. Nc3 d6 6. Nge2 Nge7 7. d3 f5 8. O-O
O-O 9. Nd5 Nxd5 10. cxd5 Ne7 11. Be3 c6 12. dxc6 bxc6 13. Rc1 a5 14. Bg5 Bf6
15. Bxf6 Rxf6 16. d4 Qb6 17. exf5 gxf5 18. dxe5 dxe5 19. Qd2 Kf7 20. Bf3 Be6
21. Qd6 Bxa2 22. Qxe5 Rd8 23. Rfd1 Re6 24. Qf4 Rxd1+ 25. Rxd1 Bd5 26. Bh5+ Kf8
27. Nd4 Rf6 28. g4 Qxb2 29. Qe5 Rd6 30. Qxd6 1-0

[Event "Aeroflot Open 2012 A"]
[Site "Moscow"]
[Date "2012.02.13"]
[Round "7"]
[White "Ulibin, Mikhail"]
[Black "Harika, Dronavalli"]
[Result "1/2-1/2"]
[WhiteElo "2587"]
[BlackElo "2516"]
[PlyCount "101"]
[EventDate "2012.02.07"]
[EventType "swiss"]
[EventRounds "9"]
[EventCountry "RUS"]

1. e4 e5 2. Nf3 Nc6 3. Bb5 a6 4. Ba4 Nge7 5. c3 g6 6. d4 exd4 7. cxd4 b5 8. Bb3
Bg7 9. Nc3 O-O 10. O-O d6 11. h3 Na5 12. Bc2 Bb7 13. Bf4 Nc4 14. Qc1 c5 15.
dxc5 dxc5 16. Rd1 Qe8 17. Bb3 Nb6 18. Bd6 c4 19. Bc2 Nbc8 20. Bb4 a5 21. Bc5
Qc6 22. Bd4 Nd6 23. Bxg7 Kxg7 24. Nd4 Qc5 25. Qe3 Rac8 26. e5 Ne8 27. Ncxb5 Kh8
28. Qh6 Ng7 29. Nd6 Rb8 30. Qg5 f6 31. Qg3 fxe5 32. N4b5 Bc6 33. a4 Nef5 34.
Bxf5 Nxf5 35. Nxf5 gxf5 36. Re1 Rg8 37. Qxe5+ Qxe5 38. Rxe5 Bxg2 39. Kh2 Be4
40. Rg1 Rbd8 41. Nc3 Rd2 42. Rxg8+ Kxg8 43. Nxe4 fxe4 44. Rxe4 Rxf2+ 45. Kg3
Rxb2 46. Rxc4 Kg7 47. Kf4 Kg6 48. Rc6+ Kg7 49. Rc7+ Kg6 50. Rc6+ Kg7 51. Rc7+
1/2-1/2

[Event "Aeroflot Open 2012 A"]
[Site "Moscow"]
[Date "2012.02.13"]
[Round "7"]
[White "Shen, Yang"]
[Black "Pridorozhni, Aleksei"]
[Result "1/2-1/2"]
[WhiteElo "2447"]
[BlackElo "2555"]
[PlyCount "40"]
[EventDate "2012.02.07"]
[EventType "swiss"]
[EventRounds "9"]
[EventCountry "RUS"]

1. d4 d5 2. Nf3 c6 3. c4 e6 4. Qc2 f5 5. g3 Nf6 6. Bg2 Bd6 7. O-O O-O 8. b3 Qe7
9. Nbd2 b6 10. Ne5 Bb7 11. Bb2 a5 12. Rac1 Na6 13. Nd3 Nb4 14. Qb1 Nxd3 15.
Qxd3 a4 16. Rc2 Ne4 17. e3 axb3 18. axb3 c5 19. Rd1 Rfd8 20. Qe2 Bc6 1/2-1/2

[Event "Aeroflot Open 2012 A"]
[Site "Moscow"]
[Date "2012.02.13"]
[Round "7"]
[White "Al-Modiahki, Mohamad"]
[Black "Paikidze, Nazi"]
[Result "1-0"]
[WhiteElo "2567"]
[BlackElo "2411"]
[PlyCount "115"]
[EventDate "2012.02.07"]
[EventType "swiss"]
[EventRounds "9"]
[EventCountry "RUS"]

1. e4 c6 2. d4 d5 3. Nc3 dxe4 4. Nxe4 Bf5 5. Ng3 Bg6 6. h4 h6 7. Nf3 Nd7 8. h5
Bh7 9. Bd3 Bxd3 10. Qxd3 e6 11. Bd2 Qc7 12. O-O-O Ngf6 13. Ne4 O-O-O 14. g3
Nxe4 15. Qxe4 Nf6 16. Qe2 Bd6 17. c4 c5 18. Bc3 cxd4 19. Rxd4 Bc5 20. Rf4 Bd6
21. Rxf6 gxf6 22. Bxf6 Qa5 23. Bxh8 Rxh8 24. Kb1 Qf5+ 25. Ka1 Rd8 26. a3 Bc7
27. Rh4 Qd3 28. Re4 Bb6 29. Ka2 Bxf2 30. Ne5 Qxe2 31. Rxe2 Bxg3 32. Nxf7 Rf8
33. Nxh6 Rh8 34. Rxe6 Bf4 35. Ng4 Rxh5 36. Re8+ Kc7 37. Nf6 Rh4 38. Nd5+ Kd6
39. Rd8+ Kc6 40. b4 Rh2+ 41. Kb3 Rh3+ 42. Kc2 Be5 43. a4 a5 44. Rc8+ Kd6 45.
bxa5 Ke6 46. Re8+ Kf5 47. c5 Ke4 48. c6 Rh2+ 49. Kd1 bxc6 50. Nb4 Rh1+ 51. Ke2
Rh2+ 52. Ke1 Rh1+ 53. Kf2 Ra1 54. Nxc6 Kd5 55. Nxe5 Rxa4 56. Nf3 Kc6 57. Re5
Kb7 58. Nd2 1-0

[Event "Aeroflot Open 2012 A"]
[Site "Moscow"]
[Date "2012.02.14"]
[Round "8"]
[White "Eljanov, Pavel"]
[Black "Bartel, Mateusz"]
[Result "1/2-1/2"]
[WhiteElo "2690"]
[BlackElo "2658"]
[PlyCount "60"]
[EventDate "2012.02.07"]
[EventType "swiss"]
[EventRounds "9"]
[EventCountry "RUS"]

1. Nf3 f5 2. g3 g6 3. Bg2 Bg7 4. d4 Nf6 5. O-O O-O 6. b3 Ne4 7. Bb2 Nc6 8. Nbd2
d6 9. Ne1 Ng5 10. f4 Nf7 11. Nc4 e6 12. e3 Rb8 13. a4 Ne7 14. a5 b5 15. axb6
axb6 16. Nd3 Bb7 17. Bxb7 Rxb7 18. Qe2 b5 19. Nd2 c5 20. dxc5 Bxb2 21. Nxb2
dxc5 22. c4 bxc4 23. Nbxc4 Nd5 24. Ra5 Nc3 25. Qg2 Rc7 26. Rfa1 Qd5 27. Ra7
Rxa7 28. Rxa7 Rd8 29. Qxd5 exd5 30. Ne5 Nxe5 1/2-1/2

[Event "Aeroflot Open 2012 A"]
[Site "Moscow"]
[Date "2012.02.14"]
[Round "8"]
[White "Tomashevsky, Evgeny"]
[Black "Melkumyan, Hrant"]
[Result "1/2-1/2"]
[WhiteElo "2740"]
[BlackElo "2620"]
[PlyCount "155"]
[EventDate "2012.02.07"]
[EventType "swiss"]
[EventRounds "9"]
[EventCountry "RUS"]

1. Nf3 Nf6 2. c4 e6 3. g3 d5 4. d4 dxc4 5. Bg2 Bb4+ 6. Bd2 c5 7. a3 Bxd2+ 8.
Nbxd2 cxd4 9. Nxc4 Nc6 10. O-O O-O 11. Rc1 Re8 12. b4 a6 13. Nfe5 Nxe5 14. Nxe5
Qd6 15. f4 Rd8 16. Qd3 h5 17. Rfd1 Ng4 18. Nxg4 hxg4 19. Rc4 e5 20. fxe5 Qb6
21. Rxd4 Be6 22. Kf2 g6 23. Qe3 Rxd4 24. Qxd4 Qb5 25. Qc5 Kg7 26. Qxb5 axb5 27.
Bxb7 Rxa3 28. Bd5 g5 29. Bxe6 fxe6 30. Rd4 Kg6 31. Rxg4 Kf5 32. h3 Ra1 33. Kf3
Rf1+ 34. Kg2 Rb1 35. Kf2 Rb3 36. e3 Rb1 37. Kf3 Rf1+ 38. Kg2 Rb1 39. e4+ Kg6
40. h4 Rxb4 41. Rxg5+ Kh7 42. Rg4 Rb2+ 43. Kf3 Rb3+ 44. Kf2 Ra3 45. Rf4 Kg7 46.
Rf6 Ra6 47. Ke3 b4 48. Kd4 Rb6 49. Kc5 Rb8 50. Rf2 Kh6 51. Rb2 b3 52. g4 Kg6
53. Kd6 Kf7 54. h5 Rd8+ 55. Kc5 Rd3 56. g5 Rc3+ 57. Kd4 Rh3 58. Rf2+ Kg8 59. h6
Rg3 60. Rb2 Rxg5 61. Rxb3 Rh5 62. Rb8+ Kh7 63. Re8 Rxh6 64. Kc5 Kg7 65. Kd6 Rh4
66. Kxe6 Rxe4 67. Kd7 Rd4+ 68. Ke7 Ra4 69. Rd8 Ra5 70. e6 Ra7+ 71. Rd7 Ra8 72.
Rc7 Kg6 73. Rb7 Kg7 74. Rd7 Kg6 75. Rb7 Kg7 76. Kd6+ Kf6 77. Kd7 Kg7 78. Ke7
1/2-1/2

[Event "Aeroflot Open 2012 A"]
[Site "Moscow"]
[Date "2012.02.14"]
[Round "8"]
[White "Caruana, Fabiano"]
[Black "Socko, Bartosz"]
[Result "1-0"]
[WhiteElo "2736"]
[BlackElo "2636"]
[PlyCount "127"]
[EventDate "2012.02.07"]
[EventType "swiss"]
[EventRounds "9"]
[EventCountry "RUS"]

1. e4 c5 2. Nf3 e6 3. d4 cxd4 4. Nxd4 Nc6 5. Nc3 Qc7 6. Be3 a6 7. Qd2 Nf6 8.
O-O-O Bb4 9. f3 O-O 10. g4 b5 11. g5 Ne8 12. Kb1 Bb7 13. Nxc6 Bxc6 14. h4 f5
15. gxf6 Nxf6 16. Rg1 Rf7 17. Bd3 Raf8 18. a3 Be7 19. Ne2 Nh5 20. Nd4 Ba8 21.
Rc1 Qb8 22. Rg4 Bd6 23. Rg5 Nf4 24. h5 h6 25. Rg4 Be5 26. Rcg1 Kh8 27. Ne2 Nxe2
28. Bxe2 Qd6 29. Bd3 Bc6 30. Rg6 Bf4 31. R1g4 Qe5 32. Bxf4 Rxf4 33. Rxg7 Qxg7
34. Rxg7 Kxg7 35. Qg2+ Kh8 36. e5 Rg8 37. Qd2 Rgf8 38. Bg6 Bd5 39. b3 Kg7 40.
Qa5 Bxf3 41. Qc7 Bc6 42. Qd6 a5 43. Kb2 Rf3 44. Qe7+ R3f7 45. Bxf7 Rxf7 46. Qd8
a4 47. Kc3 Bf3 48. Kb4 axb3 49. cxb3 Bxh5 50. Kxb5 Bf3 51. b4 h5 52. Kc5 Rf5
53. Qxd7+ Kg6 54. Qxe6+ Kg5 55. Kd6 h4 56. Qg8+ Kf4 57. e6 Rd5+ 58. Kc7 h3 59.
e7 h2 60. Qf8+ Kg3 61. Qg7+ Kh3 62. e8=Q h1=Q 63. Qe6+ Kh2 64. Qeh6+ 1-0

[Event "Aeroflot Open 2012 A"]
[Site "Moscow"]
[Date "2012.02.14"]
[Round "8"]
[White "Rodshtein, Maxim"]
[Black "Jobava, Baadur"]
[Result "1/2-1/2"]
[WhiteElo "2634"]
[BlackElo "2704"]
[PlyCount "37"]
[EventDate "2012.02.07"]
[EventType "swiss"]
[EventRounds "9"]
[EventCountry "RUS"]

1. d4 Nf6 2. c4 e6 3. Nf3 Bb4+ 4. Nbd2 b6 5. a3 Bxd2+ 6. Qxd2 O-O 7. e3 a5 8.
b3 d5 9. Bb2 Ba6 10. Qc2 Nbd7 11. Bd3 c5 12. cxd5 Bxd3 13. Qxd3 exd5 14. a4 Qe7
15. O-O Qe6 16. Rac1 Rfc8 17. Ne5 Nb8 18. Qb5 Nc6 19. Nxc6 1/2-1/2

[Event "Aeroflot Open 2012 A"]
[Site "Moscow"]
[Date "2012.02.14"]
[Round "8"]
[White "Gajewski, Grzegorz"]
[Black "Andreikin, Dmitry"]
[Result "0-1"]
[WhiteElo "2616"]
[BlackElo "2688"]
[PlyCount "84"]
[EventDate "2012.02.07"]
[EventType "swiss"]
[EventRounds "9"]
[EventCountry "RUS"]

1. d4 Nf6 2. c4 c5 3. d5 e5 4. Nc3 d6 5. e4 Nbd7 6. Nf3 Be7 7. g3 a6 8. a4 O-O
9. Bg2 Ne8 10. O-O g6 11. Ne1 Ng7 12. Nd3 f5 13. f4 Bf6 14. exf5 gxf5 15. fxe5
Nxe5 16. Nxe5 Bxe5 17. Bf4 Re8 18. Qd2 Qf6 19. Bxe5 Rxe5 20. Ra3 b6 21. Rb3 Qd8
22. Qh6 Ra7 23. Rf4 Ne8 24. Rh4 Rg7 25. Bf3 Nf6 26. Qf4 Ng4 27. a5 bxa5 28.
Bxg4 fxg4 29. Ne4 Rf7 30. Rxg4+ Bxg4 31. Qxg4+ Kh8 32. h4 a4 33. Re3 Qg8 34.
Qe2 Rfe7 35. Qf3 Qg7 36. Kg2 Re8 37. h5 h6 38. Qf4 Rf8 39. Qh4 Qe7 40. Qg4 Qg7
41. Qe2 Rfe8 42. g4 Rxh5 0-1

[Event "Aeroflot Open 2012 A"]
[Site "Moscow"]
[Date "2012.02.14"]
[Round "8"]
[White "Popov, Ivan"]
[Black "Alekseev, Evgeny"]
[Result "1/2-1/2"]
[WhiteElo "2599"]
[BlackElo "2670"]
[PlyCount "24"]
[EventDate "2012.02.07"]
[EventType "swiss"]
[EventRounds "9"]
[EventCountry "RUS"]

1. e4 e5 2. Nf3 Nc6 3. Bb5 Nf6 4. O-O Nxe4 5. Re1 Nd6 6. Nxe5 Be7 7. Bf1 Nxe5
8. Rxe5 O-O 9. d4 Bf6 10. Re1 Re8 11. c3 Rxe1 12. Qxe1 Qe8 1/2-1/2

[Event "Aeroflot Open 2012 A"]
[Site "Moscow"]
[Date "2012.02.14"]
[Round "8"]
[White "Bu, Xiangzhi"]
[Black "Zhou, Jianchao"]
[Result "1/2-1/2"]
[WhiteElo "2670"]
[BlackElo "2619"]
[PlyCount "81"]
[EventDate "2012.02.07"]
[EventType "swiss"]
[EventRounds "9"]
[EventCountry "RUS"]

1. Nf3 c5 2. c4 Nc6 3. Nc3 g6 4. d4 cxd4 5. Nxd4 Bg7 6. Nc2 d6 7. e4 Be6 8. Bd2
Nf6 9. Be2 O-O 10. O-O Nd7 11. Kh1 Nc5 12. f3 a5 13. b3 Qb6 14. Rb1 Nb4 15. a3
Nxc2 16. Qxc2 Nd7 17. Bg5 Rfe8 18. f4 Nf6 19. f5 Bd7 20. Bxf6 exf6 21. Nd5 Qd8
22. Rbd1 Rc8 23. Rd4 Bc6 24. Qd2 g5 25. Nc3 Qe7 26. b4 axb4 27. axb4 b6 28. Bd1
Ra8 29. Bb3 Bf8 30. Nb5 Red8 31. Rd1 Qe5 32. Nc3 Ra3 33. Qc2 Rda8 34. b5 Bb7
35. Nd5 Ra1 36. Qd2 R8a3 37. h3 Rxd1+ 38. Bxd1 Kg7 39. Kg1 Ra1 40. Qe3 Be7 41.
Rd2 1/2-1/2

[Event "Aeroflot Open 2012 A"]
[Site "Moscow"]
[Date "2012.02.14"]
[Round "8"]
[White "Khalifman, Alexander"]
[Black "Zhigalko, Sergei"]
[Result "1-0"]
[WhiteElo "2632"]
[BlackElo "2658"]
[PlyCount "75"]
[EventDate "2012.02.07"]
[EventType "swiss"]
[EventRounds "9"]
[EventCountry "RUS"]

1. e4 c5 2. Nf3 d6 3. d4 cxd4 4. Nxd4 Nf6 5. Nc3 a6 6. Be3 e6 7. a4 b6 8. g4
Bb7 9. Bg2 e5 10. Nf5 g6 11. Ng3 h5 12. g5 Nfd7 13. h4 Qc7 14. O-O Nc5 15. Nd5
Bxd5 16. exd5 Bg7 17. b4 Ncd7 18. a5 bxa5 19. Rxa5 O-O 20. Be4 Nb6 21. Qd3 Rc8
22. c4 Nxc4 23. Rc1 Nd7 24. Ra2 Rab8 25. Qb3 a5 26. b5 Nxe3 27. Rxc7 Rxc7 28.
fxe3 Rc1+ 29. Kg2 Nc5 30. Qa3 Rc4 31. Qxa5 Nxe4 32. Nxe4 Rxe4 33. Qc7 Rg4+ 34.
Kh3 Rf8 35. b6 Rb4 36. b7 Rb3 37. Ra8 Rxe3+ 38. Kg2 1-0

[Event "Aeroflot Open 2012 A"]
[Site "Moscow"]
[Date "2012.02.14"]
[Round "8"]
[White "Fedoseev, Vladimir"]
[Black "Sokolov, Ivan"]
[Result "1/2-1/2"]
[WhiteElo "2525"]
[BlackElo "2641"]
[PlyCount "106"]
[EventDate "2012.02.07"]
[EventType "swiss"]
[EventRounds "9"]
[EventCountry "RUS"]

1. Nf3 d5 2. c4 e6 3. g3 Nf6 4. Bg2 Be7 5. O-O O-O 6. b3 c5 7. Bb2 Nc6 8. e3
Qb6 9. d3 Rd8 10. Qe2 Bd7 11. Nc3 d4 12. exd4 cxd4 13. Nb1 Bc5 14. Ba3 a5 15.
Bxc5 Qxc5 16. a3 b5 17. Nbd2 bxc4 18. bxc4 Rab8 19. Rfe1 a4 20. Qd1 Rb2 21.
Qxa4 Ne5 22. Qd1 Nxd3 23. Ne4 Nxe4 24. Qxd3 Nxf2 25. Qxd4 Qxd4 26. Nxd4 Ba4 27.
Reb1 Rdb8 28. Rxb2 Rxb2 29. c5 e5 30. Nf5 g6 31. Ne3 e4 32. Nd5 Kg7 33. Nb4 Nd3
34. c6 Nxb4 35. c7 Bd7 36. axb4 Rxb4 37. Bf1 Rb2 38. Rd1 Bf5 39. Rc1 Bc8 40.
Bc4 f5 41. h4 Rd2 42. Kf1 h6 43. Ra1 Rc2 44. Ra8 Rxc4 45. Rxc8 Rc2 46. Ke1 g5
47. Kd1 Rc4 48. hxg5 hxg5 49. Ke2 f4 50. gxf4 gxf4 51. Re8 f3+ 52. Kf2 Rc2+ 53.
Kg3 Rxc7 1/2-1/2